000 00414nam a22001457a 4500
999 _c1546
_d1546
008 200127b ||||| |||| 00| 0 eng d
020 _a818519839X
082 0 0 _a005.12028
_bK9282
100 _91181
_aKrishnamoorthy, C. S.
245 1 0 _aComputer Aided Design /
_cby C. S. Krishnamoorthy
260 _aNew Delhi:
_bNarosa Publishing,
_c1995.
300 _axvi, 437 p.
650 0 _aComputer Aided Design
942 _cBK